| 000 | 00920nam a2200169 a 4500 | ||
|---|---|---|---|
| 008 | 091207s2000 xx |||||||||||||| || u | ||
| 050 | _aUNZA-HSS(02) | ||
| 100 | _aSheba, Mwala K | ||
| 245 | 1 | 3 | _aAn evaluation of the FINNIDA Education Sector Support Programme (ESSP): a case study of the Copperbelt and University of Zambia libraries |
| 260 | _c2000 | ||
| 300 | _a55p. | ||
| 350 | _a0.00 | ||
| 500 | _aProject report submitted in partial fulfilment for the award of the Bachelor of Arts degree of the University of Zambia | ||
| 650 | _aZAMBIA EDUCATION SECTOR SUPPORT PROGRAMME (ESSP) | ||
| 995 |
_aSPECIAL COLLECTIONS _D0.00 _e03004985 _FCBU-MAIN LIBRARY (Kitwe) _H1 _I0.00 _jUNZA-HSS(02)2000/1A _M1 _UAVAILABLE _WDec 7, 2009 _yZ03004985 _ZZambiana Collection |
||
| 995 |
_aSPECIAL COLLECTIONS _D0.00 _e03004986 _FCBU-MAIN LIBRARY (Kitwe) _H1 _I0.00 _jUNZA-HSS(02)2000/1B _M2 _UAVAILABLE _WDec 7, 2009 _yZ03004986 _ZZambiana Collection |
||
| 999 |
_c62899 _d62899 |
||